000 00383nam a2200157Ia 4500
003 IT-RoPAU
008 120407s9999 xx 000 0 und d
040 _aIT-RoPAU
040 _cIT-RoPAU
100 _aGiov. Battista Criscuoli
245 _aIn dolore paries. Conferenze apologetico-morale sui dolori di Maria
260 _aD'Auria
300 _c cm
490 _v1
942 _cBK
999 _c2276
_d2276